000 00308nam a22001097a 4500
008 210716b ||||| |||| 00| 0 eng d
082 _a658.4 STR
245 _aStrategy + business :
_bHow to build trust while cutting costs
260 _aLondon :
_bChicago Booth,
_c2017.
300 _a88 p.
_c27 cm.
942 _2ddc
999 _c8784
_d8785